[Event "2 Festival Juan Martínez Sola - Grupo B"]
[Site "Almería ESP"]
[Date "2015.12.19"]
[Round "3.4"]
[White "Moya Albaladejo, Jose Antonio"]
[Black "Moreno Bello, Miguel"]
[Result "1-0"]
[WhiteElo "1876"]
[BlackElo "1710"]
[PlyCount "51"]
[EventDate "2015.12.18"]
[EventType "swiss"]
[EventRounds "7"]
[EventCountry "ESP"]
[Source "lmi"]
[SourceDate "2015.12.18"]

1. Nf3 Nc6 2. e4 e5 3. Bc4 f5 4. d3 f4 5. c3 Nf6 6. b4 a6 7. Qb3 Qe7 8. a4 d6
9. Ba3 Bg4 10. Nbd2 O-O-O 11. a5 Kb8 12. Bc1 Qd7 13. b5 d5 14. bxc6 Qxc6 15.
exd5 Nxd5 16. O-O Bc8 17. Nxe5 Qe6 18. Ndf3 g5 19. d4 Be7 20. Nd3 h5 21. Re1
Qg6 22. Bxd5 Qxd3 23. Rb1 Rxd5 24. Ne5 Qb5 25. Qa2 Qxa5 26. Nc6+ 1-0

[Event "2 Festival Juan Martínez Sola - Grupo B"]
[Site "Almería ESP"]
[Date "2015.12.19"]
[Round "3.5"]
[White "Jimenez Tejada, Juan Jose"]
[Black "Alonso Garcia, Aaron"]
[Result "0-1"]
[WhiteElo "1505"]
[BlackElo "1898"]
[PlyCount "62"]
[EventDate "2015.12.18"]
[EventType "swiss"]
[EventRounds "7"]
[EventCountry "ESP"]
[Source "lmi"]
[SourceDate "2015.12.18"]

1. d4 Nf6 2. Bg5 Ne4 3. Bf4 c5 4. d5 g6 5. Nd2 Nf6 6. e4 Bg7 7. Bd3 d6 8. c3
Nbd7 9. Ngf3 a6 10. O-O O-O 11. a4 b6 12. Re1 Bb7 13. Qc2 Nh5 14. Be3 e6 15. c4
a5 16. Nb1 Nb8 17. Nc3 Na6 18. Na2 Bc8 19. Rab1 e5 20. Bg5 Qe8 21. Be3 f5 22.
Bc1 f4 23. b3 h6 24. Nd2 g5 25. f3 Qg6 26. Nf1 g4 27. Be2 Ra7 28. Qd1 Nf6 29.
Nd2 g3 30. Nf1 gxh2+ 31. Kh1 Nh5 0-1

[Event "2 Festival Juan Martínez Sola - Grupo B"]
[Site "Almería ESP"]
[Date "2015.12.19"]
[Round "3.6"]
[White "Fernandez Salmeron, Ricardo"]
[Black "Perez Jimenez, Jose Manuel"]
[Result "1-0"]
[WhiteElo "1825"]
[BlackElo "1228"]
[PlyCount "51"]
[EventDate "2015.12.18"]
[EventType "swiss"]
[EventRounds "7"]
[EventCountry "ESP"]
[Source "lmi"]
[SourceDate "2015.12.18"]

1. e4 e5 2. Nf3 Nc6 3. d4 exd4 4. Nxd4 Qf6 5. Nxc6 dxc6 6. Bd3 Bc5 7. O-O Qg6
8. Kh1 Ne7 9. Nd2 O-O 10. Rb1 a5 11. b3 f5 12. Bb2 f4 13. f3 b5 14. Qe2 Be3 15.
Rfd1 Rd8 16. Nf1 Qh6 17. Nxe3 fxe3 18. Bc1 Ng6 19. Bxe3 Nf4 20. Bxf4 Qxf4 21.
Bc4+ bxc4 22. Rxd8+ Kf7 23. Qxc4+ Be6 24. Rd7+ Kf6 25. Qc3+ Kg6 26. Qxg7+ 1-0

[Event "2 Festival Juan Martínez Sola - Grupo B"]
[Site "Almería ESP"]
[Date "2015.12.19"]
[Round "3.7"]
[White "Revaliente Montoya, Ciro"]
[Black "Perez Beltran, Salvador"]
[Result "0-1"]
[WhiteElo "1489"]
[BlackElo "1802"]
[PlyCount "50"]
[EventDate "2015.12.18"]
[EventType "swiss"]
[EventRounds "7"]
[EventCountry "ESP"]
[Source "lmi"]
[SourceDate "2015.12.18"]

1. e4 c5 2. Nf3 e6 3. d4 cxd4 4. Nxd4 Nc6 5. Nb5 d6 6. Be2 a6 7. Nd4 Nf6 8. Nc3
Be7 9. O-O O-O 10. Be3 Qc7 11. f4 Qb6 12. Rb1 d5 13. e5 Ne4 14. Na4 Qa5 15. c4
Nxd4 16. Bxd4 dxc4 17. Bxc4 b5 18. Bd3 Bb7 19. Nc3 Nxc3 20. Bxc3 b4 21. Bd4 Qd5
22. Qd2 Qxd4+ 23. Kh1 Rad8 24. Rbd1 Be4 25. Rf2 Qd5 0-1

[Event "2 Festival Juan Martínez Sola - Grupo B"]
[Site "Almería ESP"]
[Date "2015.12.19"]
[Round "4.1"]
[White "Jimenez Ramallo, Francisco J"]
[Black "Molano Lafuente, Ismael"]
[Result "0-1"]
[WhiteElo "1908"]
[BlackElo "1987"]
[PlyCount "206"]
[EventDate "2015.12.18"]
[EventType "swiss"]
[EventRounds "7"]
[EventCountry "ESP"]
[Source "lmi"]
[SourceDate "2015.12.18"]

1. c4 g5 2. d4 Bg7 3. Nc3 g4 4. e4 d6 5. Be3 Nc6 6. Qd2 e5 7. Nge2 exd4 8. Nxd4
Nxd4 9. Bxd4 Bxd4 10. Qxd4 Qf6 11. O-O-O Qxd4 12. Rxd4 Bd7 13. Nd5 O-O-O 14. h3
gxh3 15. g3 c6 16. Ne3 Nf6 17. f3 Rhg8 18. g4 h5 19. Rxd6 Ne8 20. Rd2 hxg4 21.
Nxg4 Bxg4 22. Rxd8+ Kxd8 23. fxg4 Rxg4 24. Bxh3 Rxe4 25. Rd1+ Kc7 26. Rd7+ Kb6
27. Rxf7 Rxc4+ 28. Kd2 Nd6 29. Rg7 Rh4 30. Be6 Ne4+ 31. Kc1 Nc5 32. Bc8 a5 33.
b3 Rh2 34. Kb1 Rh8 35. Bg4 Rd8 36. Kc2 Nd3 37. a3 Ne5 38. Bf5 Rf8 39. Be6 Re8
40. Bf5 Nf3 41. Bg4 Nd4+ 42. Kc3 Nb5+ 43. Kb2 Rd8 44. a4 Nd6 45. Re7 Rg8 46.
Bh3 Rg3 47. Rh7 Rf3 48. Be6 Rf6 49. Bg4 Rf7 50. Rh6 Ne4 51. Rh8 Nc5 52. Rh3
Rf2+ 53. Kb1 Rd2 54. Bf5 Rd5 55. Bg6 Rg5 56. Bf7 Na6 57. Rh7 Re5 58. Rh3 Nb4
59. Bg8 Rg5 60. Be6 Re5 61. Bf7 Kc7 62. Bg8 Re7 63. Bc4 Rd7 64. Rg3 Nd5 65. Rh3
Nf6 66. Rh4 Ne8 67. Rh6 Nd6 68. Be6 Rg7 69. Rh8 Ne4 70. Rc8+ Kb6 71. Rh8 Re7
72. Bf5 Nc5 73. Rh3 Re5 74. Bg6 Rg5 75. Bf7 Rg7 76. Bc4 Ne4 77. Rh2 Rg4 78. Be6
Rf4 79. Rh8 Rf2 80. Rh4 Nd6 81. Rh7 Re2 82. Bg8 Ne4 83. Rh3 Nf2 84. Rg3 Ne4 85.
Rh3 Rg2 86. Be6 Rg3 87. Rh4 Nc5 88. Bf7 Nxb3 89. Rh2 Nc5 90. Rb2+ Kc7 91. Re2
Nxa4 92. Re7+ Kb6 93. Re4 Nc3+ 94. Kb2 Nxe4 95. Bc4 Kc5 96. Bf1 Kb4 97. Kc1 Kc3
98. Kd1 Re3 99. Be2 Ng3 100. Bg4 Ne4 101. Bh5 Nf2+ 102. Kc1 Re1+ 103. Bd1 Rxd1#
0-1

[Event "2 Festival Juan Martínez Sola - Grupo B"]
[Site "Almería ESP"]
[Date "2015.12.19"]
[Round "4.2"]
[White "Moreno Alberti, Manuel"]
[Black "Moya Albaladejo, Jose Antonio"]
[Result "0-1"]
[WhiteElo "1943"]
[BlackElo "1876"]
[PlyCount "136"]
[EventDate "2015.12.18"]
[EventType "swiss"]
[EventRounds "7"]
[EventCountry "ESP"]
[Source "lmi"]
[SourceDate "2015.12.18"]

1. e4 e5 2. Nf3 Nc6 3. Bb5 a6 4. Bxc6 dxc6 5. O-O Ne7 6. Nxe5 Qd4 7. Qh5 g6 8.
Qg5 Bg7 9. Nd3 f5 10. e5 Qg4 11. Qe3 Nd5 12. Qg3 O-O 13. f4 b6 14. Nc3 Qxg3 15.
hxg3 Bb7 16. Ne1 c5 17. Nxd5 Bxd5 18. d3 Rad8 19. Be3 g5 20. Nf3 g4 21. Nd2
Rfe8 22. Bf2 Bf8 23. Rfd1 Re6 24. Nc4 Rc6 25. Ne3 Be6 26. c3 Bc8 27. d4 Kf7 28.
d5 Rh6 29. c4 Be7 30. Be1 Rh5 31. Bc3 Rg8 32. Kf2 Rg6 33. Rd2 Ke8 34. Rad1 Bd7
35. b3 Rgh6 36. Re1 Rg6 37. Rdd1 Rgh6 38. a4 a5 39. Rd2 Rg6 40. Red1 Rgh6 41.
d6 cxd6 42. exd6 Bd8 43. Nd5 Kf7 44. Ne7 Rh2 45. Re1 Re6 46. Rxe6 Kxe6 47. Nd5
Rh1 48. Be5 Rb1 49. Re2 Kf7 50. Rb2 Rxb2+ 51. Bxb2 Bc6 52. Be5 Ke6 53. Nc3 h6
54. Nd1 Be4 55. Ne3 Bb1 56. Ke2 Ba2 57. Kd2 Bxb3 58. Kc3 Bxa4 59. Kb2 Bc6 60.
Kc3 h5 61. Kb3 h4 62. Kc3 h3 63. gxh3 gxh3 64. Nf1 Bf6 65. Bxf6 Kxf6 66. Nh2
Ke6 67. g4 fxg4 68. Nxg4 Kxd6 0-1

[Event "2 Festival Juan Martínez Sola - Grupo B"]
[Site "Almería ESP"]
[Date "2015.12.19"]
[Round "4.3"]
[White "Alonso Garcia, Aaron"]
[Black "Fernandez Salmeron, Ricardo"]
[Result "1-0"]
[WhiteElo "1898"]
[BlackElo "1825"]
[PlyCount "79"]
[EventDate "2015.12.18"]
[EventType "swiss"]
[EventRounds "7"]
[EventCountry "ESP"]
[Source "lmi"]
[SourceDate "2015.12.18"]

1. e4 d6 2. d4 Nf6 3. Nc3 c6 4. Be3 e5 5. dxe5 dxe5 6. Qxd8+ Kxd8 7. Bc4 Be6 8.
O-O-O+ Kc7 9. Bxe6 fxe6 10. f3 Nbd7 11. Nh3 h6 12. Nf2 Bc5 13. Rhe1 b5 14. Bxc5
Nxc5 15. b4 Ncd7 16. Nd3 a5 17. a3 axb4 18. axb4 g5 19. Kb2 Rhd8 20. Nb1 Ne8
21. Nd2 Nd6 22. Ra1 Kb6 23. Rec1 Nb7 24. Rxa8 Rxa8 25. c4 c5 26. cxb5 Kxb5 27.
bxc5 Nbxc5 28. Nxc5 Nxc5 29. Rc2 Nd3+ 30. Kb1 Ne1 31. Rb2+ Kc5 32. Rb7 Nxg2 33.
Rh7 Kd4 34. Rxh6 Rb8+ 35. Ka2 Kc3 36. Nb1+ Kc2 37. Na3+ Kc3 38. Rxe6 Kd4 39.
Rf6 Ne1 40. Rf5 1-0

[Event "2 Festival Juan Martínez Sola - Grupo B"]
[Site "Almería ESP"]
[Date "2015.12.19"]
[Round "4.4"]
[White "Garcia Navarro, Jose Jesus"]
[Black "Valero Barrios, Victor Hugo"]
[Result "1-0"]
[WhiteElo "1750"]
[BlackElo "1552"]
[PlyCount "113"]
[EventDate "2015.12.18"]
[EventType "swiss"]
[EventRounds "7"]
[EventCountry "ESP"]
[Source "lmi"]
[SourceDate "2015.12.18"]

1. e4 c6 2. d4 d5 3. exd5 cxd5 4. c4 Nf6 5. Nc3 Nc6 6. Nf3 e6 7. cxd5 Nxd5 8.
Bd3 Be7 9. O-O O-O 10. a3 b6 11. Re1 Bb7 12. Bc2 Ba6 13. Nxd5 Qxd5 14. Be4 Qd6
15. Bxc6 Qxc6 16. d5 Qd6 17. dxe6 Qxd1 18. exf7+ Rxf7 19. Rxd1 Bf6 20. Rb1 Bb7
21. Re1 Rd8 22. Be3 Rc8 23. Nd4 Rd7 24. Nb5 Ba6 25. a4 Rc4 26. b3 Rb4 27. Na3
Rd3 28. Nc2 Rbxb3 29. Rxb3 Rxb3 30. Nd4 Ra3 31. Nb5 Bxb5 32. axb5 Rb3 33. Kf1
Rxb5 34. Ke2 Bg5 35. f4 Bf6 36. Kf3 a5 37. g4 Rb3 38. Ke4 g6 39. Rd1 Kf7 40.
Rd7+ Be7 41. Rb7 a4 42. Kd4 Ke6 43. f5+ gxf5 44. gxf5+ Kf6 45. Ke4 a3 46. Rxb6+
Rxb6 47. Bxb6 a2 48. Bd4+ Kg5 49. Ba1 Bf6 50. h4+ Kxh4 51. Bxf6+ Kh5 52. Kf4
Kh6 53. Bc3 Kh5 54. Ke5 Kh6 55. Kf6 Kh5 56. Kf7 Kg5 57. f6 1-0

[Event "2 Festival Juan Martínez Sola - Grupo B"]
[Site "Almería ESP"]
[Date "2015.12.19"]
[Round "4.5"]
[White "Perez Beltran, Salvador"]
[Black "Salmeron Cerdan, Antonio"]
[Result "1-0"]
[WhiteElo "1802"]
[BlackElo "1873"]
[PlyCount "147"]
[EventDate "2015.12.18"]
[EventType "swiss"]
[EventRounds "7"]
[EventCountry "ESP"]
[Source "lmi"]
[SourceDate "2015.12.18"]

1. d4 f5 2. Nf3 Nf6 3. c4 e6 4. Nc3 d5 5. g3 c6 6. Bg2 Bd6 7. cxd5 exd5 8. O-O
O-O 9. Qc2 Ne4 10. Nd2 Nd7 11. f3 Nxc3 12. Qxc3 f4 13. gxf4 Rxf4 14. e4 Qh4 15.
e5 Bc7 16. Nb3 Rf5 17. f4 Nf8 18. Qg3 Rh5 19. Bf3 Qxg3+ 20. hxg3 Rf5 21. g4 Rf7
22. f5 g6 23. e6 Bxe6 24. fxe6 Nxe6 25. Be3 Raf8 26. Bg2 Bf4 27. Rae1 g5 28.
Bxf4 Nxf4 29. Nc5 b6 30. Ne6 Nxe6 31. Rxe6 Rxf1+ 32. Bxf1 Rf4 33. Rxc6 Rxg4+
34. Bg2 Rxd4 35. Rc8+ Kg7 36. Rc7+ Kg6 37. Rxa7 h5 38. Rd7 Rb4 39. Rd6+ Kf5 40.
Rxd5+ Kf4 41. b3 h4 42. Kf2 g4 43. Rd3 g3+ 44. Ke2 Kg4 45. Rd8 Rf4 46. Rg8+ Kh5
47. Bf3+ Kh6 48. Ke3 Rb4 49. Rh8+ Kg7 50. Rh5 Kg6 51. Rh8 Kg7 52. Rd8 h3 53.
Rd1 Kf6 54. Be4 g2 55. Bf3 Rb5 56. Kf4 Rf5+ 57. Kg3 Rg5+ 58. Kh2 Rf5 59. Rd3
Rg5 60. Rd1 Rf5 61. Rd3 Rg5 62. Rd6+ Ke7 63. Rd1 Kf6 64. Rg1 Rf5 65. Bg4 Rf2
66. Bxh3 Rxa2 67. Rxg2 Ra3 68. Rg3 Ke5 69. Bg4 Kd4 70. Kh3 Ra1 71. Kh4 Re1 72.
Kg5 b5 73. Rf3 Re5+ 74. Rf5 1-0

[Event "2 Festival Juan Martínez Sola - Grupo B"]
[Site "Almería ESP"]
[Date "2015.12.19"]
[Round "4.6"]
[White "Serrano Cattoni, Francisco"]
[Black "Andres Zamorano, Cayo"]
[Result "1-0"]
[WhiteElo "1762"]
[BlackElo "1604"]
[PlyCount "75"]
[EventDate "2015.12.18"]
[EventType "swiss"]
[EventRounds "7"]
[EventCountry "ESP"]
[Source "lmi"]
[SourceDate "2015.12.18"]

1. e4 e6 2. d3 Nc6 3. Nf3 Be7 4. g3 Nf6 5. Bg2 e5 6. c3 d6 7. h3 Bd7 8. Nbd2
Qc8 9. b3 a5 10. a4 d5 11. exd5 Nxd5 12. Bb2 O-O 13. Nc4 Bf6 14. Nfd2 Nb6 15.
Nxb6 cxb6 16. Ne4 Be7 17. Qh5 f5 18. Ng5 Bxg5 19. Qxg5 h6 20. Qh5 Be6 21. c4
Nd4 22. Bxd4 exd4 23. O-O Bf7 24. Qf3 Rb8 25. Rfe1 Qd7 26. Re5 g6 27. Qf4 Kg7
28. Rb5 g5 29. Qe5+ Kg8 30. Rxb6 Rfe8 31. Qxa5 Re6 32. Qa7 Qe8 33. Rxe6 Bxe6
34. Re1 f4 35. Bd5 fxg3 36. Rxe6 gxf2+ 37. Kxf2 Qf7+ 38. Rf6 1-0

[Event "2 Festival Juan Martínez Sola - Grupo B"]
[Site "Almería ESP"]
[Date "2015.12.19"]
[Round "4.7"]
[White "Gazquez Corral, Alba"]
[Black "Alvarez Sanchez, Julian"]
[Result "1/2-1/2"]
[WhiteElo "1761"]
[BlackElo "1578"]
[PlyCount "237"]
[EventDate "2015.12.18"]
[EventType "swiss"]
[EventRounds "7"]
[EventCountry "ESP"]
[Source "lmi"]
[SourceDate "2015.12.18"]

1. e4 e5 2. Nf3 Nf6 3. Nxe5 d6 4. Nf3 Nxe4 5. Nc3 Nxc3 6. dxc3 Be7 7. Bd3 Bg4
8. Be4 c6 9. Qd3 Nd7 10. Nd4 Nc5 11. Qg3 h5 12. Bf5 Bxf5 13. Nxf5 g6 14. Nd4
Ne4 15. Qf4 d5 16. f3 Nf6 17. Qe5 O-O 18. O-O Re8 19. Bg5 Nd7 20. Bxe7 Nxe5 21.
Bxd8 Raxd8 22. f4 Nc4 23. Rf3 Rd7 24. b3 Nd2 25. Rg3 Ne4 26. Re1 Kf8 27. Rge3
Rde7 28. Rd3 a6 29. Nf3 f5 30. Ne5 Kg7 31. c4 dxc4 32. Nxc4 Nc5 33. Rde3 Rxe3
34. Rxe3 Rxe3 35. Nxe3 Ne4 36. Nc4 Kf6 37. Na5 Nd6 38. Kf2 Ke6 39. c4 Kd7 40.
c5 Ne4+ 41. Ke3 Nxc5 42. b4 Na4 43. Nxb7 Nc3 44. Nc5+ Kd6 45. Kd4 Nxa2 46. Nd3
Nxb4 47. Ne5 c5+ 48. Kc4 Nd5 49. g3 Ne3+ 50. Kd3 Nf1 51. Nxg6 Nxh2 52. Nh4 Ke6
53. Kc4 Nf1 54. Kxc5 Nxg3 55. Kb6 Ne2 56. Ng2 Kd5 57. Kxa6 Ke4 58. Kb5 Nxf4 59.
Nh4 Nd3 60. Kc4 f4 61. Kc3 Ke3 62. Nf5+ Ke2 63. Nd4+ Ke3 64. Nf5+ Ke4 65. Nd6+
Kf3 66. Kxd3 h4 67. Ne4 h3 68. Nd2+ Kg2 69. Ke4 h2 70. Kxf4 h1=Q 71. Ke3 Qe1+
72. Kd3 Qg3+ 73. Ke2 Qe5+ 74. Kd3 Qd5+ 75. Ke3 Qa2 76. Ne4 Qb2 77. Kf4 Qd4 78.
Kf5 Kf3 79. Ng5+ Ke3 80. Ne6 Qd5+ 81. Kf6 Qd6 82. Kf5 Qd7 83. Ke5 Qb5+ 84. Kd6
Ke4 85. Nc5+ Kf5 86. Kd5 Kf4 87. Kd4 Qb4+ 88. Kd5 Ke3 89. Ne6 Kd3 90. Nc5+ Kc3
91. Ne4+ Kb2 92. Nc5 Ka3 93. Ne4 Qb5+ 94. Kd4 Kb4 95. Ke3 Qe5 96. Kd3 Kb3 97.
Nd2+ Kb4 98. Ne4 Qf5 99. Kd4 Qd7+ 100. Ke5 Kc4 101. Nd6+ Kd3 102. Kd5 Kd2 103.
Ke5 Ke3 104. Nf5+ Kf3 105. Nd4+ Ke3 106. Nf5+ Kd3 107. Kf4 Qf7 108. Ke5 Qh5
109. Ke6 Qg4 110. Ke5 Qg5 111. Ke6 Ke4 112. Nd6+ Kd4 113. Nf5+ Kc5 114. Ke5 Kc4
115. Ke4 Qd8 116. Ne3+ Kc5 117. Nf5 Qd5+ 118. Kf4 Qxf5+ 119. Kxf5 1/2-1/2

[Event "2 Festival Juan Martínez Sola - Grupo B"]
[Site "Almería ESP"]
[Date "2015.12.19"]
[Round "4.8"]
[White "Llamas Perez, Antonio"]
[Black "Canavate Solano, Jose Antonio"]
[Result "1-0"]
[WhiteElo "1718"]
[BlackElo "1498"]
[PlyCount "53"]
[EventDate "2015.12.18"]
[EventType "swiss"]
[EventRounds "7"]
[EventCountry "ESP"]
[Source "lmi"]
[SourceDate "2015.12.18"]

1. d4 d5 2. Nf3 Nf6 3. e3 g6 4. Bd3 Bg7 5. Nbd2 O-O 6. O-O Nc6 7. c3 Bg4 8. h3
Bd7 9. e4 dxe4 10. Nxe4 Qc8 11. Nxf6+ Bxf6 12. Bf4 Re8 13. Re1 a6 14. a4 Nd8
15. Bc4 Ne6 16. Bh6 Ng7 17. Bxg7 Kxg7 18. Ne5 Bxe5 19. Rxe5 b5 20. axb5 axb5
21. Bxb5 Rb8 22. Bxd7 Qxd7 23. Qe2 e6 24. Re1 c6 25. b4 Rb7 26. Rc5 f6 27. Qc4
1-0

[Event "2 Festival Juan Martínez Sola - Grupo B"]
[Site "Almería ESP"]
[Date "2015.12.19"]
[Round "4.9"]
[White "Moreno Bello, Miguel"]
[Black "Wang Qiu, Laura"]
[Result "0-1"]
[WhiteElo "1710"]
[BlackElo "1360"]
[PlyCount "66"]
[EventDate "2015.12.18"]
[EventType "swiss"]
[EventRounds "7"]
[EventCountry "ESP"]
[Source "lmi"]
[SourceDate "2015.12.18"]

1. e4 d6 2. d4 Nf6 3. Nc3 g6 4. Be2 Bg7 5. Be3 O-O 6. f3 Nbd7 7. h4 c5 8. h5
Qb6 9. a3 Nxh5 10. Nd5 Qd8 11. Bc4 e6 12. Nf4 cxd4 13. Nxh5 gxh5 14. Bxd4 e5
15. Be3 Nf6 16. Qd2 Be6 17. Bd3 d5 18. exd5 Qxd5 19. Ne2 e4 20. Nc3 Qe5 21. f4
Qf5 22. Be2 Rad8 23. Qc1 b6 24. Nd1 Ng4 25. Nf2 Qg6 26. Nh3 Nxe3 27. Qxe3 Qxg2
28. Nf2 Bxb2 29. Bf1 Qg7 30. Nxe4 Bxa1 31. Rxh5 Kh8 32. Ng5 Bc3+ 33. Ke2 Bg4+
0-1

[Event "2 Festival Juan Martínez Sola - Grupo B"]
[Site "Almería ESP"]
[Date "2015.12.19"]
[Round "5.4"]
[White "Wang Qiu, Jorge"]
[Black "Jimenez Ramallo, Francisco J"]
[Result "0-1"]
[WhiteElo "1682"]
[BlackElo "1908"]
[PlyCount "50"]
[EventDate "2015.12.18"]
[EventType "swiss"]
[EventRounds "7"]
[EventCountry "ESP"]
[Source "lmi"]
[SourceDate "2015.12.18"]

1. e4 e6 2. b3 d5 3. Bb2 dxe4 4. Nc3 Nf6 5. Qe2 Be7 6. O-O-O O-O 7. Nxe4 Nbd7
8. g4 a5 9. a4 Nxe4 10. Qxe4 Nf6 11. Qf3 Bd7 12. Qh3 Bc6 13. f3 Nd5 14. Bd3 g6
15. Ne2 Bf6 16. c3 Nb4 17. Bb1 Nd3+ 18. Bxd3 Qxd3 19. Ng1 b5 20. axb5 Qxb5 21.
Kc2 a4 22. bxa4 Qxa4+ 23. Kc1 Qb3 24. d4 Rfb8 25. Rd2 Ra1+ 0-1

[Event "2 Festival Juan Martínez Sola - Grupo B"]
[Site "Almería ESP"]
[Date "2015.12.19"]
[Round "5.3"]
[White "Canavate Ros, Adrian"]
[Black "Moreno Alberti, Manuel"]
[Result "1/2-1/2"]
[WhiteElo "1633"]
[BlackElo "1943"]
[PlyCount "136"]
[EventDate "2015.12.18"]
[EventType "swiss"]
[EventRounds "7"]
[EventCountry "ESP"]
[Source "lmi"]
[SourceDate "2015.12.18"]

1. d4 Nf6 2. c4 d6 3. Nc3 e5 4. dxe5 dxe5 5. Qxd8+ Kxd8 6. Bg5 Be6 7. Nf3 Nbd7
8. e3 c6 9. Rd1 Kc7 10. a3 a5 11. Bxf6 gxf6 12. Be2 Be7 13. Ne4 a4 14. Kd2 h6
15. Kc2 Rhg8 16. g3 Nb6 17. Nfd2 Rgd8 18. f4 f5 19. Nc3 e4 20. g4 Bc5 21. gxf5
Bxf5 22. Ndxe4 Re8 23. Bd3 Bxe3 24. Rde1 Bd4 25. Nd2 Bh3 26. Re2 Rxe2 27. Nxe2
Be3 28. Nb1 Bg2 29. Rd1 Nd7 30. Nbc3 Nc5 31. Bf5 Re8 32. Bg4 Re7 33. f5 Ne4 34.
Nxe4 Bxe4+ 35. Kc3 Rd7 36. Rxd7+ Kxd7 37. Kb4 Bc2 38. Kc3 Bd1 39. Kd3 Bg5 40.
h3 Bf6 41. Nc3 Bb3 42. Bd1 Bxc3 43. Bxb3 axb3 44. Kxc3 Kd6 45. Kd4 b6 46. Ke4
f6 47. h4 Kc5 48. Kd3 b5 49. cxb5 cxb5 50. Kc3 Kd5 51. Kxb3 Ke5 52. Kb4 Kxf5
53. Kxb5 Kg4 54. a4 f5 55. a5 f4 56. a6 f3 57. Kb4 f2 58. a7 f1=Q 59. a8=Q Qf4+
60. Ka3 Kxh4 61. Qh1+ Kg4 62. Qg2+ Qg3+ 63. Qxg3+ Kxg3 64. b4 h5 65. b5 h4 66.
b6 h3 67. b7 h2 68. b8=Q+ Kg2 1/2-1/2

[Event "2 Festival Juan Martínez Sola - Grupo B"]
[Site "Almería ESP"]
[Date "2015.12.19"]
[Round "5.2"]
[White "Perez Beltran, Salvador"]
[Black "Garcia Navarro, Jose Jesus"]
[Result "1-0"]
[WhiteElo "1802"]
[BlackElo "1750"]
[PlyCount "45"]
[EventDate "2015.12.18"]
[EventType "swiss"]
[EventRounds "7"]
[EventCountry "ESP"]
[Source "lmi"]
[SourceDate "2015.12.18"]

1. d4 d5 2. Nf3 e6 3. c4 c5 4. dxc5 Bxc5 5. e3 Nf6 6. Nc3 Nc6 7. Be2 O-O 8. O-O
a6 9. a3 dxc4 10. Bxc4 b5 11. Be2 Bb7 12. Qc2 Bd6 13. Rd1 Qe7 14. e4 e5 15. Bg5
Nd8 16. Nh4 g6 17. Qd3 Bc5 18. Qf3 Kg7 19. Qh3 Kh8 20. Nf5 Qe6 21. Qh6 Rg8 22.
Rd3 Bf8 23. Bxf6+ 1-0

[Event "2 Festival Juan Martínez Sola - Grupo B"]
[Site "Almería ESP"]
[Date "2015.12.19"]
[Round "5.1"]
[White "Molano Lafuente, Ismael"]
[Black "Moya Albaladejo, Jose Antonio"]
[Result "1/2-1/2"]
[WhiteElo "1987"]
[BlackElo "1876"]
[PlyCount "61"]
[EventDate "2015.12.18"]
[EventType "swiss"]
[EventRounds "7"]
[EventCountry "ESP"]
[Source "lmi"]
[SourceDate "2015.12.18"]

1. f4 g6 2. Nf3 Bg7 3. d3 d5 4. c3 c5 5. g3 Nc6 6. Bg2 Nf6 7. O-O O-O 8. Na3
Rb8 9. Ne5 Qb6 10. Nxc6 bxc6 11. Kh1 Rd8 12. Qc2 Ba6 13. Rb1 Rd7 14. Be3 Qa5
15. Rbe1 Ne8 16. Bc1 Nd6 17. Rg1 Nb5 18. Nxb5 cxb5 19. Bd2 Qd8 20. e3 Bb7 21.
d4 Qb6 22. Rc1 Rc8 23. Qb1 Rdc7 24. Rge1 a5 25. a3 Rd8 26. Bf3 Bc8 27. Qd3 Ba6
28. Qb1 Qd6 29. Kg2 Rb8 30. Kh1 Bb7 31. Qd3 1/2-1/2

[Event "2 Festival Juan Martínez Sola - Grupo B"]
[Site "Almería ESP"]
[Date "2015.12.19"]
[Round "5.5"]
[White "Pulido Moyano, Rafael"]
[Black "Serrano Cattoni, Francisco"]
[Result "1-0"]
[WhiteElo "1632"]
[BlackElo "1762"]
[PlyCount "57"]
[EventDate "2015.12.18"]
[EventType "swiss"]
[EventRounds "7"]
[EventCountry "ESP"]
[Source "lmi"]
[SourceDate "2015.12.18"]

1. e4 c5 2. Nc3 Nc6 3. Nf3 a6 4. d4 cxd4 5. Nxd4 e6 6. Be2 Qc7 7. Be3 Bb4 8.
Nxc6 Bxc3+ 9. bxc3 dxc6 10. O-O Nf6 11. f3 O-O 12. Qe1 Qe5 13. Bd4 Qg5 14. f4
Qg6 15. Bd3 Qh5 16. Rf3 e5 17. Bxe5 Ne8 18. f5 f6 19. Bc4+ Kh8 20. Bf4 b5 21.
Bb3 c5 22. Bd5 Ra7 23. Qe3 Rff7 24. Rh3 Qg4 25. Rf1 Rfe7 26. Qxc5 Bxf5 27. exf5
g5 28. fxg6 Qxg6 29. Rg3 1-0

[Event "2 Festival Juan Martínez Sola - Grupo B"]
[Site "Almería ESP"]
[Date "2015.12.19"]
[Round "5.6"]
[White "Wang Qiu, Laura"]
[Black "Llamas Perez, Antonio"]
[Result "0-1"]
[WhiteElo "1360"]
[BlackElo "1718"]
[PlyCount "78"]
[EventDate "2015.12.18"]
[EventType "swiss"]
[EventRounds "7"]
[EventCountry "ESP"]
[Source "lmi"]
[SourceDate "2015.12.18"]

1. e4 e5 2. Nf3 Nf6 3. Nc3 Bb4 4. d3 d5 5. a3 Bxc3+ 6. bxc3 dxe4 7. Nxe5 O-O 8.
Bg5 exd3 9. cxd3 Re8 10. d4 Nc6 11. Bb5 Qd5 12. Bxc6 Qxc6 13. O-O Qxc3 14. Re1
Bf5 15. Re3 Qa5 16. Bf4 Rad8 17. Rc1 Nd5 18. Rf3 Nxf4 19. Nc4 Qd5 20. Rxf4 Bg6
21. Ne3 Qd6 22. Qf3 Qxa3 23. Rxc7 Qa1+ 24. Qd1 Qxd1+ 25. Nf1 Rxd4 26. Rxd4 Qxd4
27. Rxb7 h5 28. Rb3 Re1 29. h3 Qc4 30. Rb8+ Kh7 31. Kh2 Qf4+ 32. Ng3 Qxb8 33.
h4 Qb1 34. f3 f5 35. f4 Qb6 36. Kh3 Qf2 37. Kh2 Qxf4 38. Kh3 Qg4+ 39. Kh2 Qxh4#
0-1

[Event "2 Festival Juan Martínez Sola - Grupo B"]
[Site "Almería ESP"]
[Date "2015.12.19"]
[Round "5.7"]
[White "Fernandez Salmeron, Ricardo"]
[Black "Moreno Lopez, Avelino"]
[Result "0-1"]
[WhiteElo "1825"]
[BlackElo "1624"]
[PlyCount "70"]
[EventDate "2015.12.18"]
[EventType "swiss"]
[EventRounds "7"]
[EventCountry "ESP"]
[Source "lmi"]
[SourceDate "2015.12.18"]

1. e4 e5 2. Nf3 Nc6 3. d4 exd4 4. Nxd4 Nxd4 5. Qxd4 Qf6 6. Be3 Bd6 7. Qxf6 Nxf6
8. f3 Be5 9. c3 c6 10. Nd2 d5 11. Bd3 O-O 12. O-O-O dxe4 13. Nxe4 Nxe4 14. Bxe4
Be6 15. Kb1 Rfe8 16. Bf2 Bc7 17. g4 a5 18. h4 Rad8 19. b3 g6 20. h5 g5 21. Bd4
h6 22. Bf6 Rd6 23. Rxd6 Bxd6 24. Rd1 Be7 25. Bxe7 Rxe7 26. Rd8+ Kg7 27. Ra8
Bxg4 28. Bxc6 Bf5+ 29. Be4 Bxe4+ 30. fxe4 Rxe4 31. Rxa5 g4 32. Rf5 g3 33. Rf1
g2 34. Rg1 Re2 35. a4 Rf2 0-1

[Event "2 Festival Juan Martínez Sola - Grupo B"]
[Site "Almería ESP"]
[Date "2015.12.19"]
[Round "5.9"]
[White "Mena Hernandez, Diego"]
[Black "Alvarez Sanchez, Julian"]
[Result "1-0"]
[WhiteElo "1695"]
[BlackElo "1578"]
[PlyCount "73"]
[EventDate "2015.12.18"]
[EventType "swiss"]
[EventRounds "7"]
[EventCountry "ESP"]
[Source "lmi"]
[SourceDate "2015.12.18"]

1. d4 Nf6 2. Nf3 e6 3. Bf4 d5 4. e3 Bd6 5. Bg3 Ne4 6. Bh4 Be7 7. Bxe7 Qxe7 8.
c3 Nd7 9. Nbd2 Ndf6 10. Nxe4 Nxe4 11. Bd3 Nf6 12. O-O O-O 13. Qc2 h6 14. Rfe1
c6 15. Qe2 Qc7 16. Bc2 Re8 17. Qd3 Ne4 18. Ne5 c5 19. b3 b6 20. f3 Nf6 21. Ng4
Nxg4 22. Qh7+ Kf8 23. fxg4 Ba6 24. c4 cxd4 25. Rf1 Rec8 26. Qh8+ Ke7 27. Qxg7
Rf8 28. Bg6 dxc4 29. Bxf7 Kd6 30. Rf6 Rxf7 31. Rxf7 Qc5 32. Rd7+ Kc6 33. Rc7+
Kb5 34. Rxc5+ bxc5 35. exd4 Rd8 36. bxc4+ Kxc4 37. dxc5 1-0